[Event "M?R 2020 v rapid ?achu druzstev"]
[Site "Turnov"]
[Date "2020.09.13"]
[Round "2.2"]
[White "Simacek TUR_A, Pavel"]
[Black "Dolezal PAN_A, Radoslav"]
[Result "0-1"]
[BlackElo "2320"]
[WhiteElo "2400"]
[LiveChessVersion "1.4.8"]

1. e4 {[%clk 0:15:06]} e5 {[%clk 0:15:04]} 2. Nf3 {[%clk 0:15:09]} Nc6
{[%clk 0:15:08]} 3. Bc4 {[%clk 0:14:57]} Be7 {[%clk 0:15:11]} 4. d4
{[%clk 0:14:51]} d6 {[%clk 0:15:14]} 5. dxe5 {[%clk 0:12:55]} dxe5
{[%clk 0:15:17]} 6. Qxd8+ {[%clk 0:12:58]} Bxd8 {[%clk 0:15:20]} 7. Nc3
{[%clk 0:13:01]} Bg4 {[%clk 0:15:15]} 8. Be3 {[%clk 0:12:51]} a6 {[%clk 0:11:18]}
9. h3 {[%clk 0:11:36]} Bxf3 {[%clk 0:11:04]} 10. gxf3 {[%clk 0:11:40]} Nd4
{[%clk 0:10:02]} 11. Bxd4 {[%clk 0:11:07]} exd4 {[%clk 0:10:05]} 12. Ne2
{[%clk 0:11:11]} Bf6 {[%clk 0:10:08]} 13. f4 {[%clk 0:08:18]} Rd8
{[%clk 0:10:09]} 14. e5 {[%clk 0:06:07]} Be7 {[%clk 0:09:45]} 15. Rg1
{[%clk 0:06:09]} g6 {[%clk 0:09:43]} 16. O-O-O {[%clk 0:05:15]} c5
{[%clk 0:09:03]} 17. f5 {[%clk 0:04:01]} gxf5 {[%clk 0:08:41]} 18. Rg7
{[%clk 0:03:57]} Nh6 {[%clk 0:08:44]} 19. Nf4 {[%clk 0:03:36]} b5
{[%clk 0:07:55]} 20. Bd5 {[%clk 0:03:30]} Kf8 {[%clk 0:03:44]} 21. Rdg1
{[%clk 0:03:22]} Bh4 {[%clk 0:03:31]} 22. e6 {[%clk 0:01:25]} Bxf2
{[%clk 0:03:35]} 23. exf7 {[%clk 0:00:19]} Be3+ {[%clk 0:03:39]} 24. Kd1
{[%clk 0:00:23]} Bxf4 {[%clk 0:03:43]} 25. Rg8+ {[%clk 0:00:25]} Ke7
{[%clk 0:02:20]} 26. R1g7 {[%clk 0:00:29]} Kf6 {[%clk 0:01:36]} 27. Rxh8
{[%clk 0:00:09]} Rxh8 {[%clk 0:01:40]} 28. Rg8 {[%clk 0:00:13]} Nxf7
{[%clk 0:01:10]} 29. Bxf7 {[%clk 0:00:15]} Rxg8 {[%clk 0:01:14]} 30. Bxg8
{[%clk 0:00:18]} h6 {[%clk 0:01:19]} 31. Ke2 {[%clk 0:00:22]} Ke5
{[%clk 0:01:13]} 32. Kf3 {[%clk 0:00:26]} c4 {[%clk 0:01:12]} 33. a4
{[%clk 0:00:18]} d3 {[%clk 0:01:13]} 34. cxd3 {[%clk 0:00:22]} cxd3
{[%clk 0:01:17]} 35. axb5 {[%clk 0:00:24]} axb5 {[%clk 0:01:22]} 36. Bb3
{[%clk 0:00:25]} Bc1 {[%clk 0:01:23]} 37. Bd1 {[%clk 0:00:14]} Kd4
{[%clk 0:00:43]} 38. b3 {[%clk 0:00:15]} Kc3 {[%clk 0:00:40]} 39. Kf2
{[%clk 0:00:17]} Bg5 {[%clk 0:00:36]} 40. Bh5 {[%clk 0:00:14]} 0-1

[Event "M?R 2020 v rapid ?achu druzstev"]
[Site "Turnov"]
[Date "2020.09.13"]
[Round "2.3"]
[White "Postupa PAN_A, Pavel"]
[Black "Kraus TUR_A, Tomas"]
[Result "1/2-1/2"]
[BlackElo "2391"]
[WhiteElo "2164"]
[LiveChessVersion "1.4.8"]

1. e4 {[%clk 0:15:08]} c5 {[%clk 0:15:09]} 2. Nf3 {[%clk 0:15:11]} Nc6
{[%clk 0:15:10]} 3. Bb5 {[%clk 0:15:13]} e5 {[%clk 0:14:39]} 4. O-O
{[%clk 0:15:13]} Bd6 {[%clk 0:14:43]} 5. Nc3 {[%clk 0:15:05]} a6 {[%clk 0:13:36]}
6. Bc4 {[%clk 0:15:00]} Nf6 {[%clk 0:12:57]} 7. d3 {[%clk 0:14:53]} O-O
{[%clk 0:12:44]} 8. a4 {[%clk 0:14:28]} Be7 {[%clk 0:12:29]} 9. h3
{[%clk 0:13:59]} d6 {[%clk 0:12:28]} 10. Nd5 {[%clk 0:13:34]} Nxd5
{[%clk 0:11:16]} 11. Bxd5 {[%clk 0:13:29]} Kh8 {[%clk 0:11:00]} 12. c3
{[%clk 0:12:57]} f5 {[%clk 0:10:59]} 13. exf5 {[%clk 0:10:23]} Bxf5
{[%clk 0:10:45]} 14. Re1 {[%clk 0:10:27]} Qd7 {[%clk 0:09:38]} 15. Ng5
{[%clk 0:08:32]} Bxg5 {[%clk 0:08:17]} 16. Bxg5 {[%clk 0:08:27]} Rae8
{[%clk 0:08:05]} 17. Re3 {[%clk 0:07:01]} Be6 {[%clk 0:06:46]} 18. Bxc6
{[%clk 0:03:43]} Qxc6 {[%clk 0:06:10]} 19. Qd2 {[%clk 0:02:00]} Rf7
{[%clk 0:03:21]} 20. Rae1 {[%clk 0:01:24]} Bd5 {[%clk 0:01:56]} 21. Rg3
{[%clk 0:01:01]} Qxa4 {[%clk 0:01:45]} 22. Rg4 {[%clk 0:00:56]} Qc6
{[%clk 0:01:41]} 23. f4 {[%clk 0:00:42]} e4 {[%clk 0:00:32]} 24. dxe4
{[%clk 0:00:45]} Bxe4 {[%clk 0:00:24]} 25. c4 {[%clk 0:00:45]} b5
{[%clk 0:00:15]} 26. b3 {[%clk 0:00:40]} Bf5 {[%clk 0:00:09]} 27. Rg3
{[%clk 0:00:40]} Rxe1+ {[%clk 0:00:12]} 28. Qxe1 {[%clk 0:00:44]} h6
{[%clk 0:00:12]} 29. Bh4 {[%clk 0:00:45]} bxc4 {[%clk 0:00:12]} 30. bxc4
{[%clk 0:00:49]} Qe4 {[%clk 0:00:16]} 31. Qxe4 {[%clk 0:00:18]} Bxe4
{[%clk 0:00:20]} 32. Re3 {[%clk 0:00:19]} d5 {[%clk 0:00:18]} 33. cxd5
{[%clk 0:00:22]} Bxd5 {[%clk 0:00:22]} 34. Re5 {[%clk 0:00:14]} Rxf4
{[%clk 0:00:12]} 35. Rxd5 {[%clk 0:00:14]} Rxh4 {[%clk 0:00:16]} 36. Rxc5
{[%clk 0:00:19]} Ra4 {[%clk 0:00:19]} 37. Rc6 {[%clk 0:00:17]} Ra2
{[%clk 0:00:22]} 38. Kh2 {[%clk 0:00:21]} Ra3 {[%clk 0:00:24]} 39. h4
{[%clk 0:00:20]} h5 {[%clk 0:00:20]} 40. Rc5 {[%clk 0:00:22]} g6 {[%clk 0:00:19]}
41. Rc7 {[%clk 0:00:26]} a5 {[%clk 0:00:22]} 42. Ra7 {[%clk 0:00:27]} Kg8
{[%clk 0:00:21]} 43. Kg1 {[%clk 0:00:27]} Ra4 {[%clk 0:00:24]} 44. Kf2
{[%clk 0:00:27]} Rf4+ {[%clk 0:00:13]} 45. Ke3 {[%clk 0:00:28]} Rg4
{[%clk 0:00:09]} 46. Rxa5 {[%clk 0:00:10]} Rxg2 {[%clk 0:00:12]} 47. Ra4
{[%clk 0:00:14]} Kg7 {[%clk 0:00:14]} 48. Kf3 {[%clk 0:00:18]} Rg1
{[%clk 0:00:17]} 49. Kf2 {[%clk 0:00:23]} Rb1 {[%clk 0:00:17]} 50. Kg3
{[%clk 0:00:21]} Rb5 {[%clk 0:00:20]} 51. Ra6 {[%clk 0:00:23]} Rb4
{[%clk 0:00:23]} 52. Kh3 {[%clk 0:00:25]} Rb3+ {[%clk 0:00:27]} 53. Kg2
{[%clk 0:00:29]} Rc3 {[%clk 0:00:31]} 54. Rb6 {[%clk 0:00:33]} Kh6
{[%clk 0:00:35]} 55. Ra6 {[%clk 0:00:36]} Rc4 {[%clk 0:00:36]} 56. Kh3
{[%clk 0:00:40]} Rg4 {[%clk 0:00:40]} 57. Ra7 {[%clk 0:00:43]} Rb4
{[%clk 0:00:42]} 58. Ra6 {[%clk 0:00:44]} Re4 {[%clk 0:00:41]} 59. Rb6
{[%clk 0:00:48]} Kg7 {[%clk 0:00:45]} 60. Ra6 {[%clk 0:00:51]} Kf7
{[%clk 0:00:49]} 61. Rb6 {[%clk 0:00:55]} Re6 {[%clk 0:00:54]} 62. Rb7+
{[%clk 0:00:57]} Kf6 {[%clk 0:00:58]} 63. Kg3 {[%clk 0:00:59]} Kf5
{[%clk 0:00:59]} 64. Rf7+ {[%clk 0:01:01]} Rf6 {[%clk 0:01:01]} 65. Ra7
{[%clk 0:01:05]} Re6 {[%clk 0:01:04]} 66. Rf7+ {[%clk 0:01:09]} Ke5
{[%clk 0:01:08]} 67. Rf1 {[%clk 0:01:10]} Rd6 {[%clk 0:01:06]} 68. Re1+
{[%clk 0:01:13]} Kf5 {[%clk 0:01:10]} 69. Rf1+ {[%clk 0:01:17]} Ke6
{[%clk 0:01:14]} 70. Re1+ {[%clk 0:01:21]} Kf7 {[%clk 0:01:19]} 71. Re5
{[%clk 0:01:22]} Rd3+ {[%clk 0:01:20]} 72. Kg2 {[%clk 0:01:24]} Kf6
{[%clk 0:01:25]} 73. Ra5 {[%clk 0:01:27]} Re3 {[%clk 0:01:29]} 74. Rb5
{[%clk 0:01:30]} Re5 {[%clk 0:01:26]} 75. Rb4 {[%clk 0:01:25]} Kf5
{[%clk 0:01:24]} 76. Kf3 {[%clk 0:01:26]} Rc5 {[%clk 0:01:13]} 77. Rf4+
{[%clk 0:01:30]} Ke5 {[%clk 0:01:12]} 78. Re4+ {[%clk 0:01:33]} Kf6
{[%clk 0:01:16]} 79. Ra4 {[%clk 0:01:33]} Rc3+ {[%clk 0:01:13]} 80. Kg2
{[%clk 0:00:25]} Re3 {[%clk 0:00:31]} 81. Kf2 {[%clk 0:00:21]} Rd3
{[%clk 0:00:14]} 82. Kg2 {[%clk 0:00:22]} Ke5 {[%clk 0:00:14]} 83. Ra6
{[%clk 0:00:18]} Kf5 {[%clk 0:00:11]} 84. Ra5+ {[%clk 0:00:18]} Kf4
{[%clk 0:00:09]} 85. Ra4+ {[%clk 0:00:12]} Ke5 {[%clk 0:00:09]} 86. Ra6
{[%clk 0:00:16]} Rd6 {[%clk 0:00:13]} 87. Ra4 {[%clk 0:00:19]} Kf5
{[%clk 0:00:15]} 88. Rb4 {[%clk 0:00:08]} Ke5 {[%clk 0:00:16]} 89. Ra4
{[%clk 0:00:11]} Rd4 {[%clk 0:00:19]} 90. Ra6 {[%clk 0:00:14]} Rg4+
{[%clk 0:00:22]} 91. Kh3 {[%clk 0:00:18]} Kf5 {[%clk 0:00:20]} 92. Ra5+
{[%clk 0:00:21]} Kf4 {[%clk 0:00:17]} 93. Ra4+ {[%clk 0:00:25]} Kf3
{[%clk 0:00:11]} 94. Ra3+ {[%clk 0:00:29]} Kf2 {[%clk 0:00:11]} 95. Ra2+
{[%clk 0:00:33]} Ke3 {[%clk 0:00:12]} 96. Ra3+ {[%clk 0:00:37]} Kf4
{[%clk 0:00:16]} 97. Ra4+ {[%clk 0:00:40]} Kf5 {[%clk 0:00:20]} 98. Ra5+
{[%clk 0:00:44]} Kf6 {[%clk 0:00:24]} 99. Ra6+ {[%clk 0:00:48]} Kg7
{[%clk 0:00:28]} 100. Ra7+ {[%clk 0:00:52]} Kh6 {[%clk 0:00:32]} 101. Rb7
{[%clk 0:00:56]} Re4 102. Ra7 {[%clk 0:00:56]} Re3+ {[%clk 0:00:39]} 103. Kg2
{[%clk 0:01:00]} Re6 {[%clk 0:00:44]} 104. Kg3 {[%clk 0:01:02]} 1/2-1/2

[Event "M?R 2020 v rapid ?achu druzstev"]
[Site "Turnov"]
[Date "2020.09.13"]
[Round "2.4"]
[White "Studnicka TUR_A, Tomas"]
[Black "Vokoun PAN_A, Jan"]
[Result "1-0"]
[BlackElo "2102"]
[WhiteElo "2336"]
[LiveChessVersion "1.4.8"]

1. d4 {[%clk 0:15:05]} Nf6 {[%clk 0:15:04]} 2. Nf3 {[%clk 0:15:08]} b6
{[%clk 0:14:59]} 3. Bf4 {[%clk 0:15:11]} Bb7 {[%clk 0:14:59]} 4. Nbd2
{[%clk 0:15:06]} d6 {[%clk 0:13:55]} 5. h3 {[%clk 0:14:54]} g6 {[%clk 0:13:46]}
6. e3 {[%clk 0:14:51]} Bg7 {[%clk 0:13:25]} 7. Be2 {[%clk 0:14:54]} O-O
{[%clk 0:13:26]} 8. O-O {[%clk 0:14:57]} c5 {[%clk 0:13:04]} 9. c3
{[%clk 0:14:51]} a6 {[%clk 0:12:56]} 10. a4 {[%clk 0:14:53]} Nbd7
{[%clk 0:12:39]} 11. Bh2 {[%clk 0:14:54]} Qc7 {[%clk 0:12:27]} 12. Qb3
{[%clk 0:14:58]} Bc6 {[%clk 0:12:02]} 13. Rfc1 {[%clk 0:14:58]} Qb7
{[%clk 0:11:54]} 14. Bf1 {[%clk 0:14:16]} b5 {[%clk 0:11:46]} 15. axb5
{[%clk 0:12:30]} axb5 {[%clk 0:11:50]} 16. Qc2 {[%clk 0:12:33]} Rfb8
{[%clk 0:10:53]} 17. b3 {[%clk 0:12:25]} Rc8 {[%clk 0:10:38]} 18. Qb2
{[%clk 0:12:18]} Ne4 {[%clk 0:09:52]} 19. Nxe4 {[%clk 0:12:15]} Bxe4
{[%clk 0:09:56]} 20. Nd2 {[%clk 0:12:19]} Bc6 {[%clk 0:09:56]} 21. Bg3
{[%clk 0:11:27]} Nf6 {[%clk 0:09:38]} 22. f3 {[%clk 0:11:06]} cxd4
{[%clk 0:09:05]} 23. cxd4 {[%clk 0:10:54]} Bh6 {[%clk 0:08:56]} 24. Bf2
{[%clk 0:10:51]} Rxa1 {[%clk 0:08:13]} 25. Rxa1 {[%clk 0:10:45]} Ra8
{[%clk 0:08:17]} 26. Rxa8+ {[%clk 0:10:42]} Qxa8 {[%clk 0:08:21]} 27. e4
{[%clk 0:08:50]} Qa5 {[%clk 0:07:55]} 28. b4 {[%clk 0:08:51]} Qa4
{[%clk 0:07:45]} 29. Nb1 {[%clk 0:08:31]} Bg7 {[%clk 0:07:00]} 30. Nc3
{[%clk 0:07:21]} Qa6 {[%clk 0:07:04]} 31. Qa2 {[%clk 0:04:38]} Qxa2
{[%clk 0:06:28]} 32. Nxa2 {[%clk 0:04:41]} Ne8 {[%clk 0:06:12]} 33. Be2
{[%clk 0:03:50]} e6 {[%clk 0:05:56]} 34. Kf1 {[%clk 0:03:49]} Kf8
{[%clk 0:05:57]} 35. Ke1 {[%clk 0:03:29]} Ke7 {[%clk 0:05:38]} 36. Be3
{[%clk 0:03:30]} h6 {[%clk 0:05:21]} 37. Kd2 {[%clk 0:03:32]} Nc7
{[%clk 0:05:25]} 38. Kc3 {[%clk 0:03:11]} f5 {[%clk 0:05:20]} 39. Bd3
{[%clk 0:03:12]} Kd7 {[%clk 0:05:04]} 40. Nc1 {[%clk 0:03:16]} d5
{[%clk 0:04:07]} 41. e5 {[%clk 0:03:08]} g5 {[%clk 0:04:11]} 42. Nb3
{[%clk 0:03:11]} Ke7 {[%clk 0:03:57]} 43. Nc5 {[%clk 0:03:13]} Na8
{[%clk 0:03:46]} 44. f4 {[%clk 0:02:37]} gxf4 {[%clk 0:03:41]} 45. Bxf4
{[%clk 0:02:40]} Nb6 {[%clk 0:03:38]} 46. Bg3 {[%clk 0:02:30]} Nc4
{[%clk 0:03:13]} 47. Bh4+ {[%clk 0:02:31]} Kf7 {[%clk 0:03:17]} 48. Be2
{[%clk 0:02:33]} Nxe5 {[%clk 0:02:16]} 49. dxe5 {[%clk 0:02:12]} Bxe5+
{[%clk 0:02:20]} 50. Kd3 {[%clk 0:02:15]} Bf6 {[%clk 0:02:08]} 51. Bh5+
{[%clk 0:01:16]} Ke7 {[%clk 0:02:12]} 52. Be1 {[%clk 0:01:03]} f4
{[%clk 0:01:16]} 53. g3 {[%clk 0:00:46]} fxg3 {[%clk 0:01:16]} 54. Bxg3
{[%clk 0:00:48]} e5 {[%clk 0:01:19]} 55. Bg4 {[%clk 0:00:42]} e4+
{[%clk 0:01:16]} 56. Kc2 {[%clk 0:00:42]} Bg5 {[%clk 0:01:01]} 57. Ne6
{[%clk 0:00:37]} Be3 {[%clk 0:00:55]} 58. Ng7 {[%clk 0:00:28]} Kf6
{[%clk 0:00:37]} 59. Nf5 {[%clk 0:00:32]} Bb6 {[%clk 0:00:34]} 60. Nxh6
{[%clk 0:00:32]} d4 {[%clk 0:00:34]} 61. Nf5 {[%clk 0:00:36]} Kg5
{[%clk 0:00:17]} 62. Ne7 {[%clk 0:00:33]} Bb7 {[%clk 0:00:14]} 63. Bc8
{[%clk 0:00:32]} Bxc8 {[%clk 0:00:06]} 64. Nxc8 {[%clk 0:00:36]} Bd8
{[%clk 0:00:09]} 65. Nd6 {[%clk 0:00:33]} e3 1-0

[Event "M?R 2020 v rapid ?achu druzstev"]
[Site "Turnov"]
[Date "2020.09.13"]
[Round "2.5"]
[White "Pulpan DPP, Jakub"]
[Black "Petr LIN, Martin"]
[Result "0-1"]
[BlackElo "2491"]
[WhiteElo "2493"]
[LiveChessVersion "1.4.8"]

1. e4 {[%clk 0:15:02]} d5 {[%clk 0:15:08]} 2. exd5 Qxd5 {[%clk 0:15:11]} 3. Nc3
{[%clk 0:15:05]} Qa5 {[%clk 0:15:15]} 4. d4 {[%clk 0:15:07]} Nf6 {[%clk 0:15:17]}
5. Bc4 {[%clk 0:15:10]} Bf5 {[%clk 0:14:40]} 6. Bd2 {[%clk 0:15:00]} Qb6
{[%clk 0:14:19]} 7. Nf3 {[%clk 0:13:59]} e6 {[%clk 0:13:46]} 8. O-O
{[%clk 0:13:05]} Nbd7 {[%clk 0:12:34]} 9. d5 {[%clk 0:11:23]} O-O-O
{[%clk 0:10:46]} 10. dxe6 {[%clk 0:08:25]} fxe6 {[%clk 0:10:49]} 11. Be3
{[%clk 0:07:43]} Bc5 {[%clk 0:09:04]} 12. Bxc5 {[%clk 0:06:23]} Qxc5
{[%clk 0:05:43]} 13. Be2 {[%clk 0:06:00]} Nb6 {[%clk 0:05:07]} 14. Qc1
{[%clk 0:05:56]} Nbd5 {[%clk 0:05:10]} 15. Nxd5 {[%clk 0:05:29]} exd5
{[%clk 0:05:01]} 16. c3 {[%clk 0:05:13]} Rhe8 {[%clk 0:05:02]} 17. Nd4
{[%clk 0:04:50]} Be4 {[%clk 0:04:31]} 18. Qg5 {[%clk 0:04:37]} Kb8
{[%clk 0:04:11]} 19. Qxg7 {[%clk 0:03:27]} Rg8 {[%clk 0:04:01]} 20. Qxf6
{[%clk 0:00:41]} Rxg2+ {[%clk 0:04:03]} 21. Kh1 {[%clk 0:00:44]} Rg1+
{[%clk 0:04:06]} 0-1

[Event "M?R 2020 v rapid ?achu druzstev"]
[Site "Turnov"]
[Date "2020.09.13"]
[Round "2.6"]
[White "Turner LIN, Radek"]
[Black "Kourousis DPP, Epameinondas"]
[Result "0-1"]
[BlackElo "2418"]
[WhiteElo "2024"]
[LiveChessVersion "1.4.8"]

1. c4 {[%clk 0:15:08]} e6 {[%clk 0:15:00]} 2. g3 Nf6 {[%clk 0:15:00]} 3. Bg2
{[%clk 0:15:13]} a6 {[%clk 0:15:03]} 4. Nf3 {[%clk 0:15:13]} b5 {[%clk 0:15:06]}
5. O-O {[%clk 0:15:01]} Bb7 {[%clk 0:15:07]} 6. b3 {[%clk 0:14:55]} c5
{[%clk 0:15:10]} 7. Bb2 {[%clk 0:14:50]} Be7 {[%clk 0:15:12]} 8. d4
{[%clk 0:14:52]} bxc4 {[%clk 0:15:02]} 9. bxc4 {[%clk 0:14:39]} cxd4
{[%clk 0:15:04]} 10. Nxd4 {[%clk 0:14:02]} Bxg2 {[%clk 0:15:07]} 11. Kxg2
{[%clk 0:14:05]} Qc7 {[%clk 0:15:09]} 12. Qc2 {[%clk 0:12:15]} Nc6
{[%clk 0:15:08]} 13. Nd2 {[%clk 0:11:42]} Nxd4 {[%clk 0:14:32]} 14. Bxd4
{[%clk 0:11:38]} O-O {[%clk 0:14:29]} 15. Rab1 {[%clk 0:10:30]} Rfc8
{[%clk 0:14:05]} 16. Rb3 {[%clk 0:09:33]} a5 {[%clk 0:11:42]} 17. Rfb1
{[%clk 0:09:10]} Ne8 {[%clk 0:09:36]} 18. Qd3 {[%clk 0:06:03]} Bb4
{[%clk 0:08:56]} 19. Rc1 {[%clk 0:05:47]} Bxd2 {[%clk 0:08:09]} 20. Qxd2
{[%clk 0:05:51]} Nd6 {[%clk 0:07:58]} 21. Qg5 {[%clk 0:04:12]} Nf5
{[%clk 0:07:52]} 22. Bb2 {[%clk 0:04:06]} h6 {[%clk 0:07:34]} 23. Qd2
{[%clk 0:03:56]} Rab8 {[%clk 0:04:54]} 24. e4 {[%clk 0:04:00]} Ne7
{[%clk 0:04:25]} 25. Qd4 {[%clk 0:03:43]} f6 {[%clk 0:04:16]} 26. Ba3
{[%clk 0:03:46]} Nc6 {[%clk 0:03:56]} 27. Qd6 {[%clk 0:03:40]} Qxd6
{[%clk 0:03:31]} 28. Bxd6 {[%clk 0:03:43]} Rxb3 {[%clk 0:03:29]} 29. axb3
{[%clk 0:03:47]} Nd4 {[%clk 0:03:00]} 30. Rc3 {[%clk 0:03:44]} Kf7
{[%clk 0:02:42]} 31. Rd3 {[%clk 0:03:43]} e5 {[%clk 0:01:57]} 32. f4
{[%clk 0:03:47]} Ke6 {[%clk 0:02:01]} 33. c5 {[%clk 0:03:50]} g6 {[%clk 0:02:00]}
34. Kf1 {[%clk 0:02:59]} h5 {[%clk 0:01:58]} 35. h4 {[%clk 0:03:00]} Ra8
{[%clk 0:01:44]} 36. fxe5 {[%clk 0:02:43]} fxe5 {[%clk 0:01:46]} 37. Kg2
{[%clk 0:02:44]} Ra7 {[%clk 0:01:48]} 38. Kh3 {[%clk 0:02:43]} Rb7
{[%clk 0:01:50]} 39. Rd1 {[%clk 0:01:55]} Rxb3 {[%clk 0:01:50]} 40. Ra1
{[%clk 0:01:55]} Ne2 {[%clk 0:00:52]} 41. Rxa5 {[%clk 0:01:57]} Nxg3
{[%clk 0:00:56]} 42. Kg2 {[%clk 0:01:58]} Nxe4 {[%clk 0:00:59]} 43. Ra8
{[%clk 0:01:59]} Nxd6 {[%clk 0:01:01]} 44. cxd6 {[%clk 0:02:00]} Rb4
{[%clk 0:01:03]} 45. Rg8 {[%clk 0:01:58]} Rg4+ {[%clk 0:01:04]} 46. Kf3
{[%clk 0:01:58]} Kxd6 {[%clk 0:01:08]} 0-1

[Event "M?R 2020 v rapid ?achu druzstev"]
[Site "Turnov"]
[Date "2020.09.13"]
[Round "2.7"]
[White "Burdalev DPP, Kirill"]
[Black "Blecha LIN, Miroslav"]
[Result "1-0"]
[BlackElo "2110"]
[WhiteElo "2299"]
[LiveChessVersion "1.4.8"]

1. d4 {[%clk 0:15:06]} Nf6 {[%clk 0:15:09]} 2. Nf3 {[%clk 0:15:10]} e6
{[%clk 0:15:07]} 3. Bf4 {[%clk 0:15:13]} d6 {[%clk 0:15:07]} 4. h3
{[%clk 0:15:13]} b6 {[%clk 0:14:52]} 5. e3 {[%clk 0:15:13]} Bb7 {[%clk 0:14:55]}
6. Bd3 {[%clk 0:15:12]} Nbd7 {[%clk 0:14:40]} 7. O-O {[%clk 0:15:16]} Be7
{[%clk 0:12:49]} 8. a4 {[%clk 0:15:14]} O-O {[%clk 0:12:50]} 9. Nbd2
{[%clk 0:15:10]} c5 {[%clk 0:12:50]} 10. a5 {[%clk 0:15:01]} Re8 {[%clk 0:12:23]}
11. Bh2 {[%clk 0:14:29]} Bf8 {[%clk 0:12:21]} 12. Qe2 {[%clk 0:14:18]} e5
{[%clk 0:11:07]} 13. dxe5 {[%clk 0:14:21]} Nxe5 {[%clk 0:11:06]} 14. Bxe5
{[%clk 0:14:13]} dxe5 {[%clk 0:11:10]} 15. e4 {[%clk 0:14:13]} Qc7
{[%clk 0:10:53]} 16. Bb5 {[%clk 0:13:48]} Bc6 {[%clk 0:10:38]} 17. Rfd1
{[%clk 0:13:34]} Nh5 {[%clk 0:10:07]} 18. axb6 {[%clk 0:13:06]} Bxb5
{[%clk 0:09:07]} 19. Qxb5 {[%clk 0:13:00]} axb6 {[%clk 0:09:11]} 20. Rxa8
{[%clk 0:12:57]} Rxa8 {[%clk 0:09:15]} 21. Nc4 {[%clk 0:12:59]} f6
{[%clk 0:08:58]} 22. Rd7 {[%clk 0:12:41]} Qb8 {[%clk 0:08:28]} 23. Qxb6
{[%clk 0:11:25]} Qxb6 {[%clk 0:08:20]} 24. Nxb6 {[%clk 0:11:29]} Rb8
{[%clk 0:08:25]} 25. Nc4 {[%clk 0:11:25]} Nf4 {[%clk 0:08:19]} 26. h4
{[%clk 0:10:55]} Ne2+ {[%clk 0:06:51]} 27. Kf1 {[%clk 0:10:53]} Nd4
{[%clk 0:06:55]} 28. Nxd4 {[%clk 0:09:36]} exd4 {[%clk 0:06:59]} 29. Ke2
{[%clk 0:09:08]} Rb4 {[%clk 0:07:02]} 30. b3 {[%clk 0:08:56]} Rb8
{[%clk 0:06:59]} 31. Ra7 {[%clk 0:08:57]} Re8 {[%clk 0:07:01]} 32. Kd3
{[%clk 0:08:56]} Re6 {[%clk 0:06:13]} 33. f4 {[%clk 0:08:54]} f5 {[%clk 0:06:08]}
34. exf5 {[%clk 0:08:16]} Re1 {[%clk 0:06:12]} 35. Ne5 {[%clk 0:08:02]} Re3+
{[%clk 0:04:57]} 36. Kd2 {[%clk 0:07:59]} c4 {[%clk 0:04:02]} 37. Ra8
{[%clk 0:07:30]} 1-0

[Event "M?R 2020 v rapid ?achu druzstev"]
[Site "Turnov"]
[Date "2020.09.13"]
[Round "2.8"]
[White "Janocko LIN, Petr"]
[Black "Pribyl DPP, Josef"]
[Result "0-1"]
[BlackElo "2256"]
[WhiteElo "2087"]
[LiveChessVersion "1.4.8"]

1. d4 {[%clk 0:15:07]} Nf6 {[%clk 0:15:08]} 2. c4 {[%clk 0:15:11]} g6
{[%clk 0:15:12]} 3. Nc3 {[%clk 0:15:15]} d5 {[%clk 0:15:17]} 4. Nf3
{[%clk 0:15:18]} Bg7 {[%clk 0:15:21]} 5. g3 {[%clk 0:15:22]} O-O {[%clk 0:15:23]}
6. cxd5 {[%clk 0:15:23]} Nxd5 {[%clk 0:15:26]} 7. Bg2 {[%clk 0:15:27]} Nb6
{[%clk 0:14:55]} 8. O-O {[%clk 0:15:28]} Nc6 {[%clk 0:14:58]} 9. e3
{[%clk 0:15:03]} e5 {[%clk 0:14:57]} 10. dxe5 {[%clk 0:14:59]} Nxe5
{[%clk 0:14:59]} 11. Nxe5 {[%clk 0:14:58]} Bxe5 {[%clk 0:15:01]} 12. Qe2
{[%clk 0:14:42]} c6 {[%clk 0:14:56]} 13. a4 {[%clk 0:14:33]} a5 {[%clk 0:14:33]}
14. h4 {[%clk 0:13:52]} Be6 {[%clk 0:14:33]} 15. Rd1 {[%clk 0:13:29]} Qe7
{[%clk 0:14:36]} 16. Qf3 {[%clk 0:12:05]} Rfd8 {[%clk 0:14:06]} 17. Bd2
{[%clk 0:11:54]} Nc4 {[%clk 0:13:40]} 18. Bc1 {[%clk 0:11:30]} Rd7
{[%clk 0:12:52]} 19. Rxd7 {[%clk 0:11:27]} Qxd7 {[%clk 0:12:55]} 20. Ne4
{[%clk 0:11:28]} Qe7 {[%clk 0:12:21]} 21. Ng5 {[%clk 0:11:19]} Bd7
{[%clk 0:11:56]} 22. Qe4 {[%clk 0:10:40]} Qc5 {[%clk 0:11:27]} 23. Qc2
{[%clk 0:10:23]} Qb4 {[%clk 0:10:53]} 24. Nf3 {[%clk 0:09:22]} Bf6
{[%clk 0:10:32]} 25. h5 {[%clk 0:09:17]} Re8 {[%clk 0:10:21]} 26. Nd2
{[%clk 0:09:02]} Nd6 {[%clk 0:10:03]} 27. hxg6 {[%clk 0:08:57]} hxg6
{[%clk 0:10:06]} 28. Ra3 {[%clk 0:08:42]} Bf5 {[%clk 0:09:47]} 29. Qb3
{[%clk 4:06:06]} Rd8 {[%clk 0:09:18]} 30. e4 {[%clk 0:08:05]} Nxe4
{[%clk 0:09:03]} 31. Bxe4 {[%clk 0:08:01]} Bxe4 {[%clk 0:09:04]} 32. Qe3
{[%clk 0:07:35]} Bd5 {[%clk 0:08:53]} 33. Qf4 {[%clk 0:07:05]} Qxf4
{[%clk 0:08:49]} 34. gxf4 {[%clk 0:07:09]} Kg7 {[%clk 0:08:33]} 35. f3
{[%clk 0:06:25]} Bd4+ {[%clk 0:08:21]} 36. Kg2 {[%clk 0:06:29]} Re8
{[%clk 0:08:17]} 37. Ne4 {[%clk 0:06:13]} f5 {[%clk 0:07:59]} 38. Ng3
{[%clk 0:05:51]} Re1 {[%clk 0:07:50]} 39. Bd2 {[%clk 0:05:54]} Bxb2
{[%clk 0:07:41]} 40. Bxe1 {[%clk 0:05:52]} Bxa3 {[%clk 0:07:43]} 41. Bxa5
{[%clk 0:05:55]} Bb3 {[%clk 0:07:35]} 42. Bc3+ {[%clk 0:05:59]} Kf7
{[%clk 0:07:35]} 43. a5 {[%clk 0:06:02]} Ke6 {[%clk 0:07:38]} 44. Ne2
{[%clk 0:05:20]} c5 {[%clk 0:07:39]} 45. Kg3 {[%clk 0:04:53]} Bc4
{[%clk 0:07:39]} 46. Ng1 {[%clk 0:04:54]} Bb4 {[%clk 0:07:33]} 47. Be5
{[%clk 0:04:53]} Be1+ {[%clk 0:07:31]} 48. Kg2 {[%clk 0:04:54]} Bxa5
{[%clk 0:07:32]} 49. Nh3 {[%clk 0:04:58]} b5 {[%clk 0:07:25]} 50. Kf2
{[%clk 0:05:02]} b4 {[%clk 0:07:05]} 51. Ke3 {[%clk 0:05:05]} b3 {[%clk 0:07:00]}
52. Ng5+ {[%clk 0:05:06]} Kd5 {[%clk 0:07:02]} 53. Nh7 {[%clk 0:05:06]} Bb5
{[%clk 0:06:52]} 54. Nf8 {[%clk 0:04:49]} Be8 {[%clk 0:06:36]} 55. Bb2
{[%clk 0:04:52]} c4 {[%clk 0:06:34]} 56. Ba3 {[%clk 0:04:51]} c3 {[%clk 0:06:25]}
57. Kd3 {[%clk 0:04:54]} Bb5+ {[%clk 0:06:25]} 58. Ke3 {[%clk 0:04:58]} b2 0-1